| 000 | 00443nam a22001697a 4500 | ||
|---|---|---|---|
| 003 | SGT | ||
| 020 | _a9788131256770 | ||
| 082 |
_a617.6342 _bP20G |
||
| 100 | _aGopikrishna, V. | ||
| 245 | _aPreclinical Manual of Conservative Dentistry and Endodontics | ||
| 250 | _a3rd | ||
| 260 |
_bElsevier _c2020 |
||
| 300 | _a449 | ||
| 650 | _aConservative Dentistry; Endodontics | ||
| 653 | _aConservative Dentistry; Endodontics | ||
| 942 |
_2ddc _cBK _06 |
||
| 999 |
_c22713 _d22713 |
||